000 01637nam2a2200205 4500
001 RU\NLR\PER_A\002678269_000330
005 20250625010032.0
035 _a(NLR Aleph) 016242078
090 _a12800489
_c12800489
100 _a20221219d2022 |||y0rusy50 ca
101 0 _arus
102 _aRU
200 0 _a39/40
210 _d2022
_aБ. м.
461 0 _1001RU\NLR\Per\494624
_12001#$aВестник Межнационального центра исследования качества жизни$dBulletin of the Multinational center of quality of life research$eнаучно-практический журнал по исследованию качества жизни в медицине$eнаучно-практическое издание$fНац. мед.-хирург. центр им. Н. Н. Пирогова Минздрава России$zeng$v39/40
_94112648
_aМежнациональный центр исследования качества жизни (Санкт-Петербург)
_cСанкт-Петербург
_d2003 -
_fНац. мед.-хирург. центр им. Н. Н. Пирогова Минздрава России
_lBulletin of the Multinational center of quality of life research
_n[б. и.]
_oнаучно-практический журнал по исследованию качества жизни в медицине : научно-практическое издание
_tВестник Межнационального центра исследования качества жизни
_x1609-5626
_v39/40
852 _aNLR
_jП17/1162
942 _cISSUE
980 _aNB
980 _aRUSPER